00421nam a2200133 i 450000100060000000300090000600500170001500700030003200800410003524501190007626000480019530000210024385200230026476331ES-MaACL20230906172814.0t|040930s1934 sp ||||1| spa d03aLa guerra en el Chaco y la Liga de las Naciones b: recopilación de artículos del diario chileno El imparcial. aSantiago de Chile : bEl Imparcial, c1934. a51 p. ; c26 cm. aES-MaACLj1802-F-7